| 000 | 00632nam a22002177a 4500 | ||
|---|---|---|---|
| 005 | 20150318152330.0 | ||
| 008 | 140714b xxu||||| |||| 00| 0 Urdu d | ||
| 010 | _aUR-8738 | ||
| 020 | q | _c300.00 | |
| 035 | _aU-7293 | ||
| 037 | _bDBAD/Pub. | ||
| 040 |
_aDPL _bUrdu |
||
| 082 | _a848.88 | ||
| 100 | _aر ضو ی ا طہر | ||
| 110 | _b- | ||
| 245 |
_aعا لمی مير سيمينا ر _cر ضو ی ا طہر |
||
| 246 |
_aAalimi Meer Seminar _bBy Athar Rizvi |
||
| 260 |
_aد ھلی _bShahid Publications _c2010 |
||
| 270 |
_a2253,Resham Street,Kucha Chelan, Darya Ganj, _bNew Delhi _e110002 |
||
| 300 |
_a271ص _c22Cm (Hb) |
||
| 999 |
_c92306 _d92306 |
||